000 00284nam a22001337a 4500
008 170215b xxu||||| |||| 00| 0 eng d
020 _a9780976504801
041 _aeng
080 _a61
100 _a4
101 _aSHM
245 _aHEALTHIER AT HOME
_cSCHOOLEY, S
942 _2udc
_cBK
999 _c5601
_d5601